Datum a čas kvízu
27
Celkem bodů
Celkový počet nahraných bodů na tomto kvízu bez doplňovacích otázek.
6.
Pořadí na kvízu
Konečné umístění týmu na tomto kvízu.
Zaznamenané odpovědi
| # | Otázka | Odpověď | Body | Výsledky |
|---|---|---|---|---|
| 1. | O konfliktu prezidenta Pavla s... | D | 0 | |
| 2. | Která velká evropská země schv... | Francie | 1 | |
| 3. | Která moderátorka oznámila, že... | Lucie Výborná | 1 | |
| 4. | Tým španělských vědců vedený D... | slinivky | 1 | |
| 5. | Brankář Anatolij Trubin v posl... | Benfica Lisabon | 0 | |
| 6. | Na obrázku níže můžete vidět d... | Drákula | 1 | |
| 7. | Co by to bylo za hororové téma... | C | 0 | |
| 8. | Ze které (převážně videoherní)... | Resident Evil | 0 | |
| 9. | Přiřaďte herce a herečky k jej... | 1C 2A 3D 4B | 0 | |
| 10. | Čím je inspirován česko-americ... | D | 0 |